Multi-objective optimization in computational intelligence : theory and practice /

"This book explores the theoretical, as well as empirical, performance of MOs on a wide range of optimization issues including combinatorial, real-valued, dynamic, and noisy problems. It provides scholars, academics, and practitioners with a fundamental, comprehensive collection of research on...

Full description

Bibliographic Details
Other Authors: Bui, Lam Thu, Alam, Sameer
Format: Book
Language:English
Published: Hershey : Information Science Reference, [2008]
Subjects:

MARC

Tag First Indicator Second Indicator Subfields
LEADER 00000cam a22000004a 4500
001 in00002382921
005 20151109074040.0
008 071002s2008 paua b 001 0 eng
010 |a  2007040640 
020 |a 9781599044989 (hardcover) 
020 |a 1599044986 (hardcover) 
020 |a 9781599045009 (e-book) 
020 |a 1599045001 (e-book) 
035 |a (OCoLC)ocn174134057 
035 |a (OCoLC)174134057 
040 |a DLC  |c DLC  |d BAKER  |d BTCTA  |d YDXCP  |d C#P  |d BWX  |d CDX  |d UtOrBLW 
049 |a TXAM 
050 0 0 |a Q342  |b .M85 2008 
082 0 0 |a 519.6  |2 22 
245 0 0 |a Multi-objective optimization in computational intelligence :  |b theory and practice /  |c Lam Thu Bui, Sameer Alam [editors]. 
264 1 |a Hershey :  |b Information Science Reference,  |c [2008] 
264 4 |c ©2008 
300 |a xix, 475 pages :  |b illustrations ;  |c 29 cm. 
336 |a text  |b txt  |2 rdacontent 
337 |a unmediated  |b n  |2 rdamedia 
338 |a volume  |b nc  |2 rdacarrier 
500 |a "Premier reference source"--Cover. 
504 |a Includes bibliographical references (pages 430-460) and index. 
520 |a "This book explores the theoretical, as well as empirical, performance of MOs on a wide range of optimization issues including combinatorial, real-valued, dynamic, and noisy problems. It provides scholars, academics, and practitioners with a fundamental, comprehensive collection of research on multi-objective optimization techniques, applications, and practices"--Provided by publisher. 
650 0 |a Computational intelligence. 
650 0 |a Evolutionary computation. 
650 0 |a Mathematical optimization. 
650 0 |a Artificial intelligence. 
700 1 |a Bui, Lam Thu. 
700 1 |a Alam, Sameer. 
938 |a Baker and Taylor  |b BTCP  |n BK0007535761 
938 |a YBP Library Services  |b YANK  |n 2751907 
938 |a Blackwell Book Service  |b BBUS  |n R8716678  |c $165.00 
938 |a Coutts Information Services  |b COUT  |n 6393210  |c 165.00 USD 
938 |a Baker & Taylor  |b BKTY  |c 180.00  |d 180.00  |i 1599044986  |n 0007535761  |s active 
945 |a PromptCat  |b 447497 
946 |a stk 
947 |a A14836816193 
994 |a 92  |b TXA 
948 |a cataloged  |b h  |c 2008/7/2  |d c  |e asalazar  |f 1:15:38 pm 
999 |a MARS 
999 f f |s 43148504-1035-341e-b2eb-d4cca4845adc  |i b978d5f4-d84c-3846-ba99-3f7106ea18f2  |t 0 
952 f f |p normal  |a Texas A&M University  |b College Station  |c Sterling C. Evans Library  |d Evans: Library Stacks  |t 0  |e Q342 .M85 2008  |h Library of Congress classification  |i unmediated -- volume  |m A14836816193 
998 f f |a Q342 .M85 2008  |t 0  |l Evans: Library Stacks